Key Skills and Competences of Managers in the Context of an International Work Environment
Poskytnutie komplexného pohľadu na skúmanú problematiku a skúmanie nového pohľadu na manažment v oblasti rozvoja multikultúrnych pracovísk. Identifikácia výziev pre globálnych lídrov v súčasnom rýchlo sa meniacom svete.
Gespeichert in:
| 1. Verfasser: | |
|---|---|
| Format: | Buchkapitel |
| Sprache: | Englisch |
| Schlagworte: | |
| Tags: |
Keine Tags, Fügen Sie das erste Tag hinzu!
|
MARC
| LEADER | 00000naa a2200000 4500 | ||
|---|---|---|---|
| 001 | 0286854 | ||
| 005 | 20240502074418.5 | ||
| 041 | 0 | |a eng | |
| 044 | |a SK | ||
| 245 | 1 | 0 | |a Key Skills and Competences of Managers in the Context of an International Work Environment |c Patrik Kozár |
| 520 | |a Poskytnutie komplexného pohľadu na skúmanú problematiku a skúmanie nového pohľadu na manažment v oblasti rozvoja multikultúrnych pracovísk. Identifikácia výziev pre globálnych lídrov v súčasnom rýchlo sa meniacom svete. | ||
| 610 | 2 | 0 | |a manažéri |
| 610 | 2 | 0 | |a manažment |
| 610 | 2 | 0 | |a prostredie pracovné |
| 610 | 2 | 0 | |a manažment |
| 100 | 1 | |a Kozár, Patrik, 1993- | |